Culture Générale - Série 69 - Statistiques

Statistiques générales
  • Ce quiz a été pris 447 fois
  • Le résultat moyen est 4 sur 10
Statistiques - réponses
Question Réponse % Correct
Qu'est-ce qu'un canotier quand il est sur la tête ? Chapeau
94%
Femme tahitienne. Vahiné
66%
On dit de quelqu'un qui espionne, que c'est l'oeil de ...? Moscou
53%
En Russie, résidence secondaire à la campagne, souvent aux abords d'une grande ville Datcha
37%
Familièrement, comment nomme-t-on un étudiant en médecine ? Carabin
28%
Pièce de bois servant à atteler une paire d'animaux de trait Joug
28%
Appareil composé d'un cadre à roulettes et d'un dispositif destiné à soutenir le corps et les jambes d'un jeune enfant dans l'apprentissage de la marche (=trotteur) Youpala
28%
Dromadaire de selle très rapide, dressé pour les courses. Méhari
22%
Qui utilise le davier, instrument en forme de tenaille courbée ? Dentiste
18%
En Afrique, tout point d'eau alimenté par les pluies, les débordements d'un fleuve ou des nappes souterraines Marigot
4%
Aucun quiz correspondant
Distribution des résultats
% des personnes avec chaque résultat
Percentile par nombre de réponses
Votre historique - résultats
Vous n’avez pas pris ce quiz